Issledovanije atomnogo jadra s pomošč‘ju zarjažennych častic i nejtronov /

Další autoři: Skobel‘cyn, Dmitrij Vladimirovič, 1892-1990
Jazyk: Ruština
Vydáno: Moskva : Nauka, 1965
Edice: Trudy Fizičeskogo instituta imeni P.N. Lebedeva
Témata:
Fyzický popis: 273 stran
Knihy
Uloženo v:
LEADER 01148nam a22003252i 4500
001 001759933
003 CZ BrMZK
005 20210315110714.0
007 ta
008 200722s1965 ru er|||||||||||rus d
020 |q (brožováno) 
040 |a ABB012  |b cze  |d BOA001  |e rda 
080 |a 539.1  |2 MRF 
080 |a (082)  |2 MRF 
245 0 0 |a Issledovanije atomnogo jadra s pomošč‘ju zarjažennych častic i nejtronov /  |c otv. red. D.V. Skobel‘cyn 
264 1 |a Moskva :  |b Nauka,  |c 1965 
300 |a 273 stran 
336 |a text  |b txt  |2 rdacontent 
337 |a bez média  |b n  |2 rdamedia 
338 |a svazek  |b nc  |2 rdacarrier 
490 0 |a Trudy Fizičeskogo instituta imeni P.N. Lebedeva ;  |v tom 33 
504 |a Obsahuje bibliografie 
650 0 7 |a fyzikální stavba hmoty  |7 ph134793  |2 czenas 
655 7 |a sborníky  |7 fd724344  |2 czenas 
700 1 |a Skobel‘cyn, Dmitrij Vladimirovič,  |d 1892-1990  |7 js2012689123  |4 edt 
830 0 |a Trudy Fizičeskogo instituta imeni P.N. Lebedeva 
910 |a BOA001  |b 3-0543.598 
990 |a BK 
991 |b 202007 
996 7 |b 2618892577  |c 3-0543.598  |l MZK  |r Sklad / do 1 hodiny  |n 0  |w 001815396  |u 000010  |a 1  |e BOA001  |j MZK50  |s A